LEADER 03230nam 2200541 450 001 9910451754603321 005 20200520144314.0 035 $a(CKB)1000000000450608 035 $a(EBL)4388303 035 $a(SSID)ssj0000232927 035 $a(PQKBManifestationID)11239611 035 $a(PQKBTitleCode)TC0000232927 035 $a(PQKBWorkID)10219585 035 $a(PQKB)11443833 035 $a(MiAaPQ)EBC4388303 035 $a(Au-PeEL)EBL4388303 035 $a(CaPaEBR)ebr10072052 035 $a(OCoLC)842961817 035 $a(EXLCZ)991000000000450608 100 $a20160215h19981998 uy 0 101 0 $aeng 135 $aur|n|---||||| 181 $ctxt 182 $cc 183 $acr 200 10$aReadiness for the upcoming solar maximum /$fNational Research Council 210 1$aWashington, District of Columbia :$cNational Academy Press,$d1998. 210 4$d©1998 215 $a1 online resource (66 p.) 300 $aDescription based upon print version of record. 311 $a0-309-58379-9 327 $aReadiness for the Upcoming Solar Maximum; Copyright; Foreword; Acknowledgments; Contents; Executive Summary; AGENCY-SPECIFIC RECOMMENDATIONS; National Aeronautics and Space Administration; National Oceanic and Atmospheric Administration; National Science Foundation; Department of Defense; Department of Energy; CONCLUDING OBSERVATIONS AND RECOMMENDATIONS; 1 Introduction ; 2 Scientific Background ; EARTH'S SPACE ENVIRONMENT RESPONSE; EARTH'S CLIMATE RESPONSE; 3 Technology Considerations ; POTENTIAL TECHNOLOGICAL CONCERNS DURING THE SOLAR MAXIMUM; Satellite Drag 327 $aRadio and Communications InterferenceSatellite and Space Systems Hazards; Power Grids; EXISTING RESOURCES; SUMMARY; 4 Agency Activities and Related Recommendations ; NATIONAL AERONAUTICS AND SPACE ADMINISTRATION; NASA Roles and Responsibilities; Assessment of NASA Activities for the Solar Maximum; Conclusions and Recommendations for NASA; NATIONAL OCEANIC AND ATMOSPHERIC ADMINISTRATION; NOAA Roles and Responsibilities; Assessment of NOAA Activities for the Solar Maximum; Conclusions and Recommendations for NOAA; NATIONAL SCIENCE FOUNDATION; NSF Roles and Responsibilities 327 $aAssessment of NSF Activities for Solar MaximumConclusions and Recommendations for NSF; DEPARTMENT OF DEFENSE; DOD Roles and Responsibilities; Assessment of DOD Activities for the Solar Maximum; Air Force; Navy; Conclusions and Recommendations for DOD; DEPARTMENT OF ENERGY; DOE Roles and Responsibilities; Assessment of DOE Activities for the Solar Maximum; Conclusions and Recommendations for DOE; 5 Concluding Observations and Recommendations ; Appendixes; A Biographical Sketches of Committee Members; COMMITTEE ON SOLAR AND SPACE PHYSICS; COMMITTEE ON SOLAR-TERRESTRIAL RESEARCH 327 $aB Acronyms and Abbreviations 606 $aSolar flares 606 $aSolar atmosphere 608 $aElectronic books. 615 0$aSolar flares. 615 0$aSolar atmosphere. 676 $a523.75 801 0$bMiAaPQ 801 1$bMiAaPQ 801 2$bMiAaPQ 906 $aBOOK 912 $a9910451754603321 996 $aReadiness for the upcoming solar maximum$92149034 997 $aUNINA LEADER 02702 am 2200661 n 450 001 9910214926003321 005 20170711 010 $a2-7535-5303-3 024 7 $a10.4000/books.pur.43694 035 $a(CKB)3710000001633453 035 $a(FrMaCLE)OB-pur-43694 035 $a(oapen)https://directory.doabooks.org/handle/20.500.12854/59828 035 $a(PPN)203890264 035 $a(EXLCZ)993710000001633453 100 $a20170712j|||||||| ||| 0 101 0 $afre 135 $auu||||||m|||| 181 $ctxt$2rdacontent 182 $cc$2rdamedia 183 $acr$2rdacarrier 200 13$aLe spectre de la révolution noire $eL?impact de la révolution haïtienne dans le monde atlantique, 1790-1886 /$fAlejandro E. Gómez 210 $aRennes $cPresses universitaires de Rennes$d2017 215 $a1 online resource (318 p.) 311 $a2-7535-2220-0 330 $aLa révolution haïtienne a provoqué un traumatisme culturel jusqu?à constituer un véritable syndrome collectif de portée occidentale. Ce livre en montre l?extension et les conséquences en analysant dans le détail et dans diverses aires culturelles du monde atlantique (anglophone et hispanophone) chacune de ses manifestations, voire de ses enjeux sur les plans militaire et politique, à travers des outils analytiques inspirés notamment des sciences cognitives. 410 0$aCollection Des Amériques (Rennes, France) 517 1 $aImpact de la révolution haïtienne dans le monde atlantique, 1790-1886 606 $aHistory 606 $aPolitical Science 606 $aesclave 606 $aesclavage 606 $aAtlantique (région) 606 $aHaïti 606 $aRévolution haïtienne 1791-1804 606 $aMoviments antiesclavistes$zHaití$xHistòria$2lemac 607 $aHaití$xHistòria$y1791-1804, Revolució$xInfluència$2lemac 607 $aAmèrica$xRelacions racials$xHistòria$yS. XIX$2lemac 607 $aFrança$xRelacions racials$xHistòria$yS. XIX$2lemac 607 $aHaití$xHistòria$y1791-1804, Revolució$2lemac 610 $aAtlantique (région) 610 $aesclave 610 $aRévolution haïtienne 1791-1804 610 $aesclavage 610 $aHaïti 615 4$aHistory 615 4$aPolitical Science 615 4$aesclave 615 4$aesclavage 615 4$aAtlantique (région) 615 4$aHaïti 615 4$aRévolution haïtienne 1791-1804 615 7$aMoviments antiesclavistes$xHistòria 700 $aGómez$b Alejandro E$01275896 801 0$bFR-FrMaCLE 906 $aBOOK 912 $a9910214926003321 996 $aLe Spectre de la révolution noire$93006656 997 $aUNINA